000 01187cam a22003377a 4500
001 18966690
003 ARRUPE
005 20211019092906.0
008 160208t20152015enka 001 0 eng d
010 _a 2015513087
020 _a9781781254974 (pbk.)
020 _a1781254974 (pbk.)
020 _z9781782831815 (ePub ebook)
035 _a(OCoLC)ocn920376107
040 _aCDX
_cCDX
_dUAB
_dOCLCF
_dDLC
042 _alccopycat
050 0 0 _aHM836
_b.D59 2015
082 0 4 _a303.4/8
_223
100 1 _aDixon, Patrick,
_eauthor.
_950539
245 1 4 _aThe future of (almost) everything :
_bthe global changes that will affect every business and all of our lives /
_cPatrick Dixon.
246 1 _iSubtitle on cover:
_aglobal changes that will affect every business and all our lives
260 _aLondon
_bProfile Books
_c2015
300 _a344 pages :
_billustrations (black and white) ;
_c20 cm
500 _aIncludes index.
650 0 _aSocial change.
650 0 _aGlobalization.
_94951
650 0 _aFuture, The.
_950540
906 _a7
_bcbc
_ccopycat
_d3
_encip
_f20
_gy-gencatlg
942 _2lcc
_cMONOGRAPH
999 _c130912
_d130912